Southville International School and Colleges
Your cart is empty.
  • Cart
  • Lists
    Public lists Eva Luna New books Lux_list list_1
    Your lists Log in to create your own lists
  • Log in to your account
  • Your cookies
  • Search history
Southville International School and Colleges
  • Advanced search
  • Recent comments
  • Most popular
  • Libraries

Log in to your account

Log in with GOOGLE


If you do not have an external account, but do have a local account, you can still log in:

  1. Home
  2. MARC view: A Basic writing workbook /
Normal view MARC view ISBD view

A Basic writing workbook / (Record no. 102412)

[ view plain ]
MARC details
000 -LEADER
fixed length control field 00523nam a2200157 a 4500
005 - DATE AND TIME OF LATEST TRANSACTION
control field 20140412111235.0
008 - FIXED-LENGTH DATA ELEMENTS--GENERAL INFORMATION
fixed length control field 001120s19uu xx 00 eng d
020 ## - INTERNATIONAL STANDARD BOOK NUMBER
International Standard Book Number 0-939045-04-4
050 ## - LIBRARY OF CONGRESS CALL NUMBER
Classification number TR(GS 372.6
Item number SEB 1988
100 ## - MAIN ENTRY--PERSONAL NAME
Personal name Sebranek, Patrick
245 ## - TITLE STATEMENT
Title A Basic writing workbook /
Statement of responsibility, etc by Patrick Sebranek and Dave Kemper; illustrated by Christ Krenzke.
260 ## - PUBLICATION, DISTRIBUTION, ETC. (IMPRINT)
Place of publication, distribution, etc [s.l.] :
Name of publisher, distributor, etc [s.n.],
Date of publication, distribution, etc 1988.
300 ## - PHYSICAL DESCRIPTION
Extent 135 p.
650 ## - SUBJECT ADDED ENTRY--TOPICAL TERM
Topical term or geographic name as entry element English language -- composition and exercises -- study and teaching
Holdings
Withdrawn status Lost status Damaged status Home library Current library Shelving location Date acquired Total Checkouts Full call number Barcode Date last seen Price effective from Koha item type
      Elizalde Library Elizalde Library Teachers Reference Section 11/20/2000   TR(GS 372.6 SEB 1988 E1642 04/12/2014 04/12/2014 Books

A Basic writing workbook /

APA

Sebranek P., . (1988). A Basic writing workbook. [s.l.]: [s.n.].

Chicago

Sebranek Patrick, . 1988. A Basic writing workbook. [s.l.]: [s.n.].

Harvard

Sebranek P., . (1988). A Basic writing workbook. [s.l.]: [s.n.].

MLA

Sebranek Patrick, . A Basic writing workbook. [s.l.]: [s.n.]. 1988.

  • Place hold
  • Print
  • Cite
  • Add to your cart (remove)
  • Save record
    BIBTEX Dublin Core MARCXML MARC (non-Unicode/MARC-8) MARC (Unicode/UTF-8) MARC (Unicode/UTF-8, Standard) MODS (XML) RIS
  • More searches
    Search for this title in:
    Other Libraries (WorldCat) Other Databases (Google Scholar) Online Stores (Bookfinder.com) Open Library (openlibrary.org)

Exporting to Dublin Core...

SOUTHVILLE LIBRARY

Southville International School and Colleges Library

1281 Tropical Ave. Cor. Luxembourg St., BF Homes International, Las Pinas City

Tel. No. 8256374 / 252358 Loc. 117/146

Powered by Koha